00422nam a2200169 a 4500001000400000003000900004008004100013040002800054082000900082100002200091245004900113250000700162260002700169300001400196490001900210650002300229176CO-ViMGA141112s2004 ck r 000 u spa d aCO-ViMGAbspacCO-ViMGA04aCORc1 aCortes, Jose Luis10aUn culete independiente / cJose Luis Cortes a6a aMadrid : bS.M, c1995 a31 p : il aLos piratas, 114aCUENTOS INFANTILES